INFLUENCE OF TEACHER PERFORMANCE APPRAISAL AND DEVELOPMENT ON PUPILS ACADEMIC PERFOMANCE IN PUBLIC PRIMARY SCHOOLS IN SUNA EAST SUB-COUNTY, MIGORI COUNTY, KENYA (Record no. 216065)

MARC details
000 -LEADER
fixed length control field 00521nam a22001457a 4500
008 - FIXED-LENGTH DATA ELEMENTS--GENERAL INFORMATION
fixed length control field 250902b |||||||| |||| 00| 0 eng d
100 ## - MAIN ENTRY--PERSONAL NAME
Personal name ONYANGO DAVID
245 ## - TITLE STATEMENT
Title INFLUENCE OF TEACHER PERFORMANCE APPRAISAL AND DEVELOPMENT ON PUPILS ACADEMIC PERFOMANCE IN PUBLIC PRIMARY SCHOOLS IN SUNA EAST SUB-COUNTY, MIGORI COUNTY, KENYA
260 ## - PUBLICATION, DISTRIBUTION, ETC.
Place of publication, distribution, etc. KISII
Name of publisher, distributor, etc. KISII UNIVERSITY
Date of publication, distribution, etc. 2020
300 ## - PHYSICAL DESCRIPTION
Extent XIX, 149P.
500 ## - GENERAL NOTE
General note INCLUDES BIBLIOGRAPHICAL REFERENCES
650 ## - SUBJECT ADDED ENTRY
Topical term or geographic name entry element TEACHERS
942 ## - ADDED ENTRY ELEMENTS (KOHA)
Source of classification or shelving scheme Library of Congress Classification
Koha item type Reference
Holdings
Withdrawn status Lost status Source of classification or shelving scheme Damaged status Not for loan Collection Home library Current library Shelving location Date acquired Inventory number Total checkouts Full call number Barcode Date last seen Copy number Price effective from Koha item type
    Library of Congress Classification     Arts & Social Sciences Kisii University Library Kisii University Library On Display 09/02/2025 108017   THE LB 2838 .O59 2020 000000014746 09/02/2025 C.1 09/02/2025 Reference